000 00903 a2200169 4500
003 Nust
005 20221207132128.0
040 _cNust
082 _a297.1241,SAH
100 _aDr Muhammad Mohsin Khan
_9104351
245 _aSahih Al Bukhari Arbic-English (Volume-1 to 9) /
_cDr Muhammad Muhsin
260 _aSaudi Arbia
_bDarusslam
_c1997
300 _a478. p.'
505 _aThe Saying Of Allah (Page-31), If Some Kills (Page-37), The Saying Of Allah (Page-38), That Who Is Punished (Page-39), Sanction Among Men And Women (Page-43), Tooth For Tooth (Page-47), A Muslim Should Not Be Killed For Killing A Disbeliever (Page-60), Marriage Established Under Coercion Is Invalid (Page-80), The Glad Tidings (Page-107), Dreams (Page-114),The Appointment Of A Caliph (Page-221), The Saying Of Allah We Will Set Scales Of Justice (Page-408).
600 _aIslam
_9104352
942 _2ddc
_cBK
_k297.1241,SAH
999 _c193742
_d193742